VIIme congres international des sciences antropologiques et ethnologiques : Moscou (3 aout - 10 aout 1964)
Αποθηκεύτηκε σε:
| Συγγραφή απο Οργανισμό/Αρχή: | |
|---|---|
| Μορφή: | Πρακτικό Συνεδρίου Βιβλίο |
| Γλώσσα: | English Russian |
| Δημοσίευση: |
Moscou :
[s.n.],
1970
|
| Θέματα: | |
| Ετικέτες: |
Προσθήκη ετικέτας
Δεν υπάρχουν, Καταχωρήστε ετικέτα πρώτοι!
|
MARC
| LEADER | 00000cam a2200000 i 4500 | ||
|---|---|---|---|
| 001 | 1/10331 | ||
| 008 | 000831s1970 eng d | ||
| 035 | |l 10063397 | ||
| 040 | |a GR-MY-UA |b gre |e aacr | ||
| 041 | 0 | |a eng |a rus | |
| 082 | 0 | |a 306 | |
| 111 | 2 | |a Congres International des Sciences Anthropologiques et Ethnologiques |n (7me |d : 1964 |c : Moscou) | |
| 245 | 1 | 0 | |a VIIme congres international des sciences antropologiques et ethnologiques : |b Moscou (3 aout - 10 aout 1964) |
| 246 | 3 | 3 | |a Septieme congres international des sciences antropologiques et ethnologiques |
| 260 | |a Moscou : |b [s.n.], |c 1970 | ||
| 300 | |a v. | ||
| 500 | |a Βρίσκεται σε ειδική συλλογή. Διαθέσιμο εάν ζητηθεί | ||
| 650 | 0 | 0 | |a Anthropology |x Congresses. |
| 650 | 0 | 0 | |a Ethnology |x Congresses. |
| 852 | |a INST |b LESVOS |e 20000831 |h 306 CON |p 005100023958 |q 005100023958 |t BK |y 0 |z v.9 | ||
| 852 | |a INST |b LESVOS |e 20000831 |h 306 CON |p 005100023959 |q 005100023959 |t BK |y 0 |z v.10 | ||
| 852 | |a INST |b LESVOS |e 20000831 |h 306 CON |p 005100023960 |q 005100023960 |t BK |y 0 |z v.8 | ||
| 852 | |a INST |b LESVOS |e 20000831 |h 306 CON |p 005100023958 |q 005100023958 |t BK |v v.9: |y 0 |z v.9 | ||
| 852 | |a INST |b LESVOS |e 20000831 |h 306 CON |p 005100023959 |q 005100023959 |t BK |v v.10: |y 0 |z v.10 | ||
| 852 | |a INST |b LESVOS |e 20000831 |h 306 CON |p 005100023960 |q 005100023960 |t BK |v v.8: |y 0 |z v.8 | ||
| 853 | |a INST |b LESVOS |h 306 CON | ||
| 901 | |a BIBL1-2000-2 | ||
| 909 | |a Λ |b 034407 | ||
| 909 | |a Λ |b 034408 | ||
| 909 | |a Λ |b 034409 | ||
| 970 | |z 2000/08/LITSA | ||